| 000 | 01156cam a22003135a 4500 | ||
|---|---|---|---|
| 001 | ybp12676150ul | ||
| 003 | OSt | ||
| 005 | 20201128023917.0 | ||
| 008 | 150318t2016 si a frb 001 0 eng d | ||
| 020 | _a9781118498934 | ||
| 020 | _a1118498933 | ||
| 020 | _z9781118498910 | ||
| 040 |
_aNhCcYBP _beng _cNhCcYBP _dEG-ScBUE |
||
| 082 | 0 | 4 |
_a332.632042 _bLIM _222 |
| 100 | 1 | _aLim, Mark Andrew. | |
| 245 | 1 | 2 |
_aA Handbook of technical analysis : _bthe practitioner's comprehensive guide to technical analysis / _cMark Andrew Lim. |
| 246 | 1 | 2 | _aA handbook of technical analysis + test bank |
| 260 |
_aSingapore : _bJohn Wiley & Sons, _cc.2016. |
||
| 300 |
_axxiii, 953 p. : _bill. ; _c28 cm. |
||
| 490 | 0 | _aWiley trading series | |
| 500 | _aIndex : p. 939-953. | ||
| 504 | _aIncludes bibliographical references. | ||
| 650 | 7 |
_aTechnical analysis (Investment analysis) _2BUEsh _941507 |
|
| 650 | 7 |
_a Investment analysis. _2BUEsh _91288 |
|
| 651 | _2BUEsh | ||
| 653 |
_bBUSADM _cOctober2016 |
||
| 856 | 4 | 0 |
_aIUPUI _uhttp://site.ebrary.com/lib/iupui/docDetail.action?docID=11110688 _zAvailable on campus and off campus with authorized logon |
| 942 | _2ddc | ||
| 999 |
_c22714 _d22686 |
||